000 00559nam a2200229Ia 4500
001 3416
003 GE_BSU
008 181216s||||||||xx |||||||||||||| ||und||
040 _cGE_BSU
080 _a549
100 _aЧерножуков,Н.И
245 _aХимия минеральных масел
245 _cРед.Л.А.Львова
250 _aИзд 2-ое.Перераб.
260 _aМ
260 _bГостоптехиздат
260 _c1959
300 _a414 стр
300 _c22см
300 _eтабл.
942 _cBK
999 _c37455
_d37455